00514nam a2200169Ia 4500008004100000020000900041040001900050041001200069082002900081245006300110260003900173300002100212650004800233651001900281700002200300850002200322131103s9999 xx 000 0 und d cRs.7 aLoreto College aEnglish a891.431/MAHbLCLIB/32005 aBharatiya bhasayo mein Ram - KavyacEdited by S.Mahalingam aMadrasbTulsi Sahitya Samitic1976 a100 p. c 21 cm. aHindi Poetry - Criticism and interpretation aPoetry - Hindi aMahalingam,S.,ed. aLCLIB/891.431/MAH